Nghệ thuật khắc họa chân dung nhân vật của Trần Đăng Khoa
Thể tài chân dung văn học trong nền văn học Việt Nam hiện đại. Những chân dung "thường gặp" trong sáng tác của Trần Đăng Khoa. Những đặc điểm nổi bật trong nghệ thuật khắc họa chân dung nhân vật của Trần Đăng Khoa.
Tallennettuna:
| Päätekijä: | |
|---|---|
| Muut tekijät: | |
| Aineistotyyppi: | Kirja |
| Kieli: | Vietnamese |
| Julkaistu: |
Đà Nẵng
Đại học Đà Nẵng
2010
|
| Aiheet: | |
| Tagit: |
Lisää tagi
Ei tageja, Lisää ensimmäinen tagi!
|
| Thư viện lưu trữ: | Mạng thư viện Đại học Đà Nẵng |
|---|
| LEADER | 01745nam a2200361 4500 | ||
|---|---|---|---|
| 001 | 000010638 | ||
| 003 | 6845 | ||
| 005 | 20111216091208.0 | ||
| 008 | 111216s2010 viesd | ||
| 041 | |a vie | ||
| 072 | |a Luận văn Thạc sĩ khoa học xã hội và nhân văn | ||
| 082 | |a 895.9221 |b ĐÔ-N | ||
| 100 | 1 | |a Đỗ Thị Cẩm Nhung | |
| 245 | 1 | |a Nghệ thuật khắc họa chân dung nhân vật của Trần Đăng Khoa |c Đỗ Thị Cẩm Nhung | |
| 260 | |a Đà Nẵng |b Đại học Đà Nẵng |c 2010 | ||
| 300 | |a 118 tr |c 29 cm |e 1 tóm tắt, 1 đĩa CD | ||
| 500 | |a Luận văn Thạc sĩ Khoa học xã hội và nhân văn. Chuyên ngành: Văn học Việt Nam. Mã số: 60.22.34 | ||
| 520 | |a Thể tài chân dung văn học trong nền văn học Việt Nam hiện đại. Những chân dung "thường gặp" trong sáng tác của Trần Đăng Khoa. Những đặc điểm nổi bật trong nghệ thuật khắc họa chân dung nhân vật của Trần Đăng Khoa. | ||
| 653 | |a Các nhà văn, nhà thơ viết chân dung văn học | ||
| 653 | |a Luận văn Thạc sĩ Văn học Việt Nam | ||
| 653 | |a Chân dung những người lính | ||
| 653 | |a Văn học | ||
| 700 | 1 | |a Phan Ngọc Thu |c TS |e Hướng dẫn | |
| OWN | |a LSP | ||
| AVA | |a UDN50 |b LSP |d 895.9221 ĐÔ-N |e available |t Error 5001 Not defined in file expand_doc_bib_avail. |f 1 |g 0 |h N |i 0 |k 1 | ||
| 999 | |a From the UDN01 | ||
| AVA | |a UDN50 |b LSP |d 895.9221 ĐÔ-N |e available |t Error 5001 Not defined in file expand_doc_bib_avail. |f 1 |g 0 |h N |i 0 |k 1 | ||
| TYP | |a Monograph | ||
| TYP | |a Printed language | ||
| 980 | |a Mạng thư viện Đại học Đà Nẵng | ||